[Event "27.Schlosspark-Open"]
[Site "Wiesbaden-Biebrich"]
[Date "2015.08.29"]
[Round "4.31"]
[White "Weiland, Thomas"]
[Black "Schmitt, Carsten"]
[Result "0-1"]
[WhiteElo "1832"]
[BlackElo "1988"]
[PlyCount "54"]
[EventDate "2015.??.??"]
[WhiteTeam "SV Oberursel"]
[BlackTeam "SV Bergwinkel"]

1. e4 e6 2. d4 d5 3. exd5 exd5 4. Nf3 Nf6 5. Bd3 c5 6. dxc5 Bxc5 7. Qe2+ Be6 8.
O-O O-O 9. Bg5 h6 10. Bh4 Nbd7 11. Nbd2 Re8 12. Rfe1 Qb6 13. Rab1 Nh5 14. Qf1
Bd6 15. Nb3 g5 16. Bxg5 hxg5 17. Nxg5 Bg4 18. Bb5 Rxe1 19. Rxe1 Ne5 20. Re3 f6
21. Nh3 d4 22. Bc4+ Kh8 23. Rxe5 Bxe5 24. Qc1 Kg7 25. f3 Bxh3 26. gxh3 d3+ 27.
Kh1 Qf2 0-1

[Event "27.Schlosspark-Open"]
[Site "Wiesbaden-Biebrich"]
[Date "2015.08.29"]
[Round "4.32"]
[White "Pravez, Luca"]
[Black "Ungurean, Florin"]
[Result "0-1"]
[WhiteElo "1816"]
[BlackElo "1966"]
[PlyCount "56"]
[EventDate "2015.??.??"]
[WhiteTeam "SSV Bruchsal"]
[BlackTeam "SK Geisenheim"]

1. e4 c6 2. d4 d5 3. exd5 cxd5 4. c4 Nf6 5. Nc3 Nc6 6. Nf3 g6 7. cxd5 Nxd5 8.
Bc4 Be6 9. Qb3 Nxc3 10. Bxe6 fxe6 11. bxc3 Qd5 12. Qxb7 Qe4+ 13. Be3 Rb8 14.
Qa6 Bh6 15. O-O Bxe3 16. fxe3 O-O 17. Qe2 Rf5 18. Rac1 Kg7 19. Nd2 Rb2 20. Nxe4
Rxe2 21. Nc5 Rxf1+ 22. Kxf1 Rxa2 23. Nxe6+ Kf6 24. Nc7 e6 25. c4 Nb4 26. c5 Nc2
27. Kf2 Nxd4+ 28. Kg3 Ne2+ 0-1

[Event "27.Schlosspark-Open"]
[Site "Wiesbaden-Biebrich"]
[Date "2015.08.29"]
[Round "4.33"]
[White "Reinecke, Katharina"]
[Black "Cichy, Michael"]
[Result "1-0"]
[WhiteElo "1765"]
[BlackElo "1948"]
[PlyCount "81"]
[EventDate "2015.??.??"]
[WhiteTeam "SK Langen"]
[BlackTeam "SC BS Gliesmarode"]

1. d4 Nf6 2. c4 e6 3. Nf3 Bb4+ 4. Bd2 Qe7 5. g3 Nc6 6. Nc3 Bxc3 7. Bxc3 Ne4 8.
Rc1 d6 9. Bg2 Nxc3 10. Rxc3 O-O 11. d5 Nd8 12. O-O e5 13. c5 dxc5 14. Qc2 c6
15. Rxc5 Bd7 16. Nxe5 cxd5 17. Nxd7 Qxd7 18. Rxd5 Qe7 19. Rfd1 Nc6 20. Rd7 Qb4
21. a3 Qb6 22. b4 Rac8 23. Qa2 Rc7 24. e3 Ne5 25. Rxc7 Qxc7 26. Qd5 b6 27. Qd6
Qxd6 28. Rxd6 Nc4 29. Rd7 Nxa3 30. Rxa7 Nc2 31. b5 g6 32. Rb7 Rd8 33. Rxb6 Rd1+
34. Bf1 Ne1 35. Rb8+ Kg7 36. b6 Rb1 37. Ba6 Nd3+ 38. Kg2 Nc5 39. Bc4 Nd7 40.
Rb7 Nxb6 41. Rxf7+ 1-0

[Event "27.Schlosspark-Open"]
[Site "Wiesbaden-Biebrich"]
[Date "2015.08.29"]
[Round "4.34"]
[White "Wilke, Tabea"]
[Black "Stork, Oliver"]
[Result "0-1"]
[WhiteElo "1759"]
[BlackElo "1934"]
[PlyCount "64"]
[EventDate "2015.??.??"]
[WhiteTeam "SC Hattersheim"]
[BlackTeam "SV Oberursel"]

1. e4 c6 2. d4 d5 3. exd5 cxd5 4. Bd3 Nc6 5. c3 Qc7 6. Ne2 Bg4 7. f3 Bh5 8. Bf4
Qd7 9. Na3 e6 10. Nc2 Nf6 11. O-O Bg6 12. Ng3 Bd6 13. Bxd6 Qxd6 14. Ne3 O-O 15.
Re1 Rab8 16. Ng4 Nxg4 17. fxg4 b5 18. Qd2 b4 19. Nh5 bxc3 20. bxc3 Rb6 21. Re3
Qa3 22. Bxg6 hxg6 23. c4 Qb2 24. Qxb2 Rxb2 25. cxd5 Nxd4 26. dxe6 gxh5 27.
exf7+ Rxf7 28. gxh5 Rff2 29. Rd3 Rxg2+ 30. Kh1 Rxh2+ 31. Kg1 Rbg2+ 32. Kf1 Ne2
0-1

[Event "27.Schlosspark-Open"]
[Site "Wiesbaden-Biebrich"]
[Date "2015.08.29"]
[Round "4.35"]
[White "Hermannsdörfer, Frank"]
[Black "Büse, Ralf"]
[Result "1-0"]
[WhiteElo "2193"]
[BlackElo "1723"]
[PlyCount "131"]
[EventDate "2015.??.??"]
[WhiteTeam "SV Liebschwitz"]
[BlackTeam "SC Groß-Zimmern"]

1. b3 e5 2. Bb2 d6 3. e4 Nf6 4. Nc3 g6 5. Nf3 Bg7 6. g3 O-O 7. Bg2 c5 8. O-O
Nc6 9. d3 h6 10. Qd2 Be6 11. Kh1 Nh5 12. Qe2 Qd7 13. Ng1 Nd4 14. Qd1 f5 15.
exf5 Bxf5 16. Ne4 Rae8 17. c3 Nc6 18. b4 b6 19. b5 Ne7 20. c4 d5 21. Nc3 Be6
22. Qe2 dxc4 23. dxc4 Nf5 24. Bc6 Qf7 25. Nd5 Nd4 26. Bxd4 exd4 27. Qd2 Bd7 28.
Bxd7 Qxd7 29. Rae1 Nf6 30. Nxf6+ Rxf6 31. Rxe8+ Qxe8 32. Qd3 Qf7 33. Kg2 Re6
34. Nf3 g5 35. h3 Qe7 36. Qd1 Re2 37. Re1 Rxe1 38. Qxe1 Qxe1 39. Nxe1 Kf7 40.
Kf3 Ke6 41. Ke4 Bf8 42. Ng2 Bd6 43. h4 Bb8 44. hxg5 hxg5 45. Ne1 Bc7 46. a4 Bb8
47. Nd3 Bd6 48. Nc1 Bc7 49. Nb3 Bd6 50. a5 Bb8 51. Nd2 Bc7 52. a6 Bb8 53. Nf3
Kf6 54. Nh2 Ke6 55. Ng4 Bc7 56. Nh6 Bb8 57. Ng4 Bc7 58. f4 gxf4 59. gxf4 Bb8
60. f5+ Kf7 61. Nf2 Kf6 62. Nd3 Bd6 63. Kd5 Be7 64. Kc6 Kxf5 65. Kb7 Ke4 66.
Nb2 1-0

[Event "27.Schlosspark-Open"]
[Site "Wiesbaden-Biebrich"]
[Date "2015.08.29"]
[Round "4.36"]
[White "Anhalt, Albert"]
[Black "Nuding, Matthias"]
[Result "0-1"]
[WhiteElo "1802"]
[BlackElo "2126"]
[PlyCount "62"]
[EventDate "2015.??.??"]
[WhiteTeam "SG Idstein"]
[BlackTeam "SC Noris-Tarrasch Nürnberg"]

1. e4 e6 2. d4 d5 3. Nc3 Bb4 4. exd5 exd5 5. Bd3 Nf6 6. Bg5 O-O 7. Qf3 Nbd7 8.
Nge2 c6 9. O-O Re8 10. Ng3 h6 11. Bf4 Nf8 12. Be5 Ng4 13. Rfe1 Nxe5 14. Rxe5
Rxe5 15. dxe5 Bxc3 16. bxc3 Qg5 17. Qe2 Bd7 18. Rf1 Qf4 19. Nh5 Qg4 20. f4 Qxe2
21. Bxe2 Re8 22. Bd1 Nh7 23. h3 g6 24. Ng3 f6 25. exf6 Nxf6 26. Kf2 Ne4+ 27.
Nxe4 Rxe4 28. g3 Kf7 29. Kg2 Rc4 30. Be2 Rxc3 31. Bd3 Bf5 0-1

[Event "27.Schlosspark-Open"]
[Site "Wiesbaden-Biebrich"]
[Date "2015.08.29"]
[Round "4.38"]
[White "Reitz, Philipp"]
[Black "Frey, Thomas"]
[Result "0-1"]
[WhiteElo "1773"]
[BlackElo "2079"]
[PlyCount "40"]
[EventDate "2015.??.??"]
[WhiteTeam "VfR-SC Koblenz"]
[BlackTeam "SV Reutlingen"]

1. e4 e6 2. d4 d5 3. exd5 exd5 4. Bd3 Nf6 5. Nf3 Be7 6. h3 O-O 7. O-O h6 8. Bf4
Be6 9. Re1 Nbd7 10. Nc3 a6 11. Qd2 Re8 12. Re2 c5 13. Rxe6 fxe6 14. Bg6 cxd4
15. Nxd4 e5 16. Ne6 Qb6 17. Bxe8 Rxe8 18. Nxd5 Qxb2 19. Qc1 Qxc1+ 20. Rxc1 Nxd5
0-1

[Event "27.Schlosspark-Open"]
[Site "Wiesbaden-Biebrich"]
[Date "2015.08.29"]
[Round "4.39"]
[White "Werner, Dimo"]
[Black "Arns, Alexander"]
[Result "1-0"]
[WhiteElo "2063"]
[BlackElo "1767"]
[PlyCount "121"]
[EventDate "2015.??.??"]
[WhiteTeam "TSV Schott Mainz"]
[BlackTeam "SF HN-Biberach"]

1. d4 Nf6 2. c4 e6 3. Nf3 d5 4. Nc3 Be7 5. Bg5 O-O 6. e3 h6 7. Bh4 Nbd7 8. Rc1
dxc4 9. Bxc4 b6 10. O-O Bb7 11. Qe2 Ne4 12. Bxe7 Qxe7 13. Nxe4 Bxe4 14. Bb5 Nb8
15. Ne5 c5 16. f3 Bb7 17. dxc5 bxc5 18. Rfd1 a6 19. Ba4 Qc7 20. Nd3 c4 21. Nf2
Qb6 22. Rxc4 a5 23. Rc3 Na6 24. Qb5 Qxb5 25. Bxb5 Rac8 26. Bxa6 Bxa6 27. Ne4
Rfd8 28. Rxc8 Rxc8 29. Nc3 Rc6 30. e4 Kf8 31. Kf2 Ke7 32. Ke3 Rb6 33. Rd2 Bb7
34. Na4 Rc6 35. Rd3 Rc2 36. Rc3 Rxc3+ 37. Nxc3 Kd6 38. f4 f6 39. g3 Kc5 40. Ne2
f5 41. Nd4 Bc8 42. e5 Bd7 43. Kd3 Kb4 44. a3+ Kc5 45. b3 Bc8 46. Kc3 Bd7 47.
b4+ axb4+ 48. axb4+ Kd5 49. Nc2 Bb5 50. Ne3+ Ke4 51. Nc4 Kf3 52. Nd6 Bc6 53. b5
Bd5 54. Kd4 g6 55. b6 Kg2 56. Ke3 Kxh2 57. Kf2 g5 58. Nxf5 exf5 59. e6 Kh3 60.
e7 gxf4 61. gxf4 1-0

[Event "27.Schlosspark-Open"]
[Site "Wiesbaden-Biebrich"]
[Date "2015.08.29"]
[Round "4.40"]
[White "Seickel, Ralf"]
[Black "Bajorski, Marius"]
[Result "1/2-1/2"]
[WhiteElo "2046"]
[BlackElo "1764"]
[PlyCount "49"]
[EventDate "2015.??.??"]
[WhiteTeam "vereinslos"]
[BlackTeam "SV Hofheim"]

1. c4 c5 2. Nf3 e6 3. g3 b6 4. Bg2 Bb7 5. O-O Nf6 6. Nc3 a6 7. d4 cxd4 8. Nxd4
Bxg2 9. Kxg2 Qc7 10. Qd3 Be7 11. e4 d6 12. b3 O-O 13. Bb2 Nbd7 14. Rac1 Qb7 15.
f3 Rac8 16. Rfe1 Rfd8 17. h3 Bf8 18. Kh2 Qb8 19. f4 e5 20. Nde2 Nc5 21. Qf3 Re8
22. f5 Qb7 23. Ng1 b5 24. b4 bxc4 25. bxc5 1/2-1/2

[Event "27.Schlosspark-Open"]
[Site "Wiesbaden-Biebrich"]
[Date "2015.08.29"]
[Round "4.41"]
[White "Muuss, Klaus"]
[Black "Bratmann, Marc"]
[Result "1-0"]
[WhiteElo "2029"]
[BlackElo "1726"]
[PlyCount "41"]
[EventDate "2015.??.??"]
[WhiteTeam "VSF Flintbek"]
[BlackTeam "TuS Dotzheim"]

1. e4 c6 2. d4 d5 3. exd5 cxd5 4. c4 Nf6 5. Nc3 e6 6. Nf3 Be7 7. Bg5 O-O 8.
cxd5 Nxd5 9. Bxe7 Nxe7 10. Bd3 h6 11. O-O Nd7 12. Rc1 Nf6 13. Bb1 Bd7 14. Ne5
Bc6 15. Qd3 Rc8 16. Rfd1 g6 17. Nxc6 Rxc6 18. Qf3 Kg7 19. Ne2 Qd5 20. Qxd5 Rxc1
21. Qb3 1-0

[Event "27.Schlosspark-Open"]
[Site "Wiesbaden-Biebrich"]
[Date "2015.08.29"]
[Round "4.42"]
[White "Meding, Olaf"]
[Black "Zeyer, Oliver"]
[Result "0-1"]
[WhiteElo "1764"]
[BlackElo "2001"]
[PlyCount "46"]
[EventDate "2015.??.??"]
[WhiteTeam "SF Mainz"]
[BlackTeam "SF HN-Biberach"]

1. d4 Nf6 2. Bg5 Ne4 3. Bf4 e6 4. f3 Bb4+ 5. c3 Bd6 6. Bxd6 Nxd6 7. e4 f5 8.
Nd2 b6 9. Bd3 Bb7 10. Qe2 O-O 11. e5 Nf7 12. h4 c5 13. dxc5 bxc5 14. Nc4 Nc6
15. g4 Qc7 16. gxf5 Nfxe5 17. fxe6 Nxd3+ 18. Qxd3 Qg3+ 19. Kf1 Ba6 20. Rh3 Bxc4
21. Qxc4 Rxf3+ 22. Nxf3 Qxh3+ 23. Kf2 Qxf3+ 0-1

[Event "27.Schlosspark-Open"]
[Site "Wiesbaden-Biebrich"]
[Date "2015.08.29"]
[Round "4.43"]
[White "Färber, David"]
[Black "Starkbaum, Michael"]
[Result "1/2-1/2"]
[WhiteElo "1957"]
[BlackElo "1720"]
[PlyCount "45"]
[EventDate "2015.??.??"]
[WhiteTeam "SV Walldorf"]
[BlackTeam "Kreuznacher SV"]

1. e4 e5 2. Nf3 Nc6 3. Bb5 a6 4. Ba4 Nf6 5. O-O Nxe4 6. d4 b5 7. Bb3 d5 8. dxe5
Be6 9. c3 Be7 10. Be3 O-O 11. Nbd2 Nc5 12. Bc2 Bg4 13. h3 Bh5 14. Bd4 Ne6 15.
Qb1 Bg6 16. Bxg6 hxg6 17. Qd3 Ncxd4 18. cxd4 c5 19. dxc5 Bxc5 20. Nb3 Bb6 21.
Nbd4 Nf4 22. Qe3 Re8 23. Rfd1 1/2-1/2

[Event "27.Schlosspark-Open"]
[Site "Wiesbaden-Biebrich"]
[Date "2015.08.29"]
[Round "4.44"]
[White "Krüger, Stefan"]
[Black "van Bömmel, Philipp"]
[Result "1/2-1/2"]
[WhiteElo "1951"]
[BlackElo "1714"]
[PlyCount "65"]
[EventDate "2015.??.??"]
[WhiteTeam "SF Leherheide"]
[BlackTeam "SC Hattersheim"]

1. d4 f5 2. g3 Nf6 3. Bg2 g6 4. Nf3 Bg7 5. O-O O-O 6. b3 d6 7. Bb2 c6 8. Nbd2
Na6 9. c4 e5 10. dxe5 Ng4 11. Qc2 Nxe5 12. Nxe5 dxe5 13. Rad1 Qe8 14. a3 Nc7
15. c5 Be6 16. Nc4 Bxc4 17. Qxc4+ Qf7 18. Qc2 Rad8 19. Rxd8 Rxd8 20. Rd1 Rxd1+
21. Qxd1 Qe7 22. e4 fxe4 23. Bxe4 Bf6 24. b4 Kg7 25. h4 a5 26. h5 axb4 27. axb4
Ne6 28. hxg6 hxg6 29. Qg4 Nf8 30. Kg2 Qe6 31. Qd1 Qc4 32. Qc2 Qxc2 33. Bxc2
1/2-1/2

[Event "27.Schlosspark-Open"]
[Site "Wiesbaden-Biebrich"]
[Date "2015.08.29"]
[Round "4.45"]
[White "Schöber, Sebastian"]
[Black "Ungurean, Daniela"]
[Result "1-0"]
[WhiteElo "1943"]
[BlackElo "1641"]
[PlyCount "51"]
[EventDate "2015.??.??"]
[WhiteTeam "SC Diez"]
[BlackTeam "SK Geisenheim"]

1. Nf3 e5 2. Nxe5 Qe7 3. d4 g6 4. g3 Bg7 5. Nf3 b6 6. Bg2 Bb7 7. O-O Nf6 8. c4
d5 9. cxd5 Bxd5 10. Nc3 Bb7 11. Qa4+ Qd7 12. Qa3 Bxf3 13. Bxf3 c6 14. Bf4 Nh5
15. Be5 Bf8 16. Qa4 b5 17. Qa5 f6 18. Nxb5 cxb5 19. Bxa8 fxe5 20. Rac1 Bd6 21.
dxe5 Nxg3 22. hxg3 Bxe5 23. Rfd1 Qe6 24. Rd8+ Ke7 25. Rxh8 Bxg3 26. Qd8+ 1-0

[Event "27.Schlosspark-Open"]
[Site "Wiesbaden-Biebrich"]
[Date "2015.08.29"]
[Round "4.46"]
[White "Rump, Andreas"]
[Black "Kirchner, Markus"]
[Result "1/2-1/2"]
[WhiteElo "1927"]
[BlackElo "1633"]
[PlyCount "94"]
[EventDate "2015.??.??"]
[WhiteTeam "SG Idstein"]
[BlackTeam "SF Schöneck"]

1. e4 e6 2. d4 d5 3. Nc3 Nf6 4. Bg5 Be7 5. e5 Nfd7 6. Bxe7 Qxe7 7. a3 a6 8.
Nce2 c5 9. c3 Nc6 10. Nf3 O-O 11. g3 f6 12. exf6 Nxf6 13. Bg2 cxd4 14. cxd4 Bd7
15. O-O Rac8 16. Nc3 Rc7 17. Qd3 Qd8 18. Rae1 h6 19. Re2 Qc8 20. Nh4 Na5 21.
Ng6 Re8 22. Ne5 Nc4 23. Nxd7 Qxd7 24. Rfe1 Nb6 25. Bh3 Rc6 26. Qg6 Qf7 27. Qd3
Nbd7 28. b4 Nf8 29. Na4 Ne4 30. Nc5 Nxc5 31. dxc5 Kh8 32. a4 a5 33. Qa3 axb4
34. Qxb4 Nh7 35. Bg2 Rf8 36. Rb1 Rb8 37. Qd4 Qf6 38. Qb4 Qf7 39. Reb2 Qc7 40.
Rc2 Qf7 41. Bf1 Ng5 42. h4 Ne4 43. Rbb2 Qf8 44. Bb5 Rxc5 45. Bd3 Rxc2 46. Qxf8+
Rxf8 47. Rxc2 Nd6 1/2-1/2

[Event "27.Schlosspark-Open"]
[Site "Wiesbaden-Biebrich"]
[Date "2015.08.29"]
[Round "4.47"]
[White "Hegener, Thorsten"]
[Black "Rochau, Normen"]
[Result "0-1"]
[WhiteElo "1742"]
[BlackElo "1917"]
[PlyCount "56"]
[EventDate "2015.??.??"]
[WhiteTeam "SC Eschborn"]
[BlackTeam "Karlsruher SF"]

1. d4 Nf6 2. g3 g6 3. c4 Bg7 4. Nf3 O-O 5. Bg2 c6 6. O-O d5 7. Bf4 Nbd7 8. Nbd2
Nh5 9. cxd5 cxd5 10. Rc1 Nxf4 11. gxf4 Nb8 12. Ne5 f6 13. Nd3 Nc6 14. Rc5 e6
15. e3 Bd7 16. a3 Rf7 17. b4 Bf8 18. Rc1 a6 19. Nc5 b6 20. Nxd7 Qxd7 21. Qc2
Na7 22. e4 dxe4 23. Nxe4 Rd8 24. Rfd1 Bh6 25. d5 e5 26. fxe5 fxe5 27. Rb1 Qg4
28. Qc7 Qxd1+ 0-1

[Event "27.Schlosspark-Open"]
[Site "Wiesbaden-Biebrich"]
[Date "2015.08.29"]
[Round "4.49"]
[White "Diener, Carolin Valeria"]
[Black "Schmidt, Volker"]
[Result "1/2-1/2"]
[WhiteElo "1722"]
[BlackElo "1892"]
[PlyCount "105"]
[EventDate "2015.??.??"]
[WhiteTeam "SK Bad Homburg"]
[BlackTeam "TuS Dotzheim"]

1. e4 c5 2. Nf3 d6 3. Bb5+ Bd7 4. Bxd7+ Nxd7 5. O-O Ngf6 6. Qe2 e5 7. c4 Be7 8.
b3 Nf8 9. Bb2 Ne6 10. d3 Qd7 11. Na3 Nf4 12. Qd1 Qg4 13. Ne1 Qg6 14. Bc1 N6h5
15. Nb5 O-O 16. Nc7 Rac8 17. Nd5 Nxd5 18. cxd5 f5 19. Qe2 fxe4 20. dxe4 a6 21.
g3 Nf6 22. f3 h5 23. Ng2 Nh7 24. Kh1 Qe8 25. Bb2 Qd7 26. f4 exf4 27. Nxf4 Bf6
28. Bxf6 Nxf6 29. Nxh5 Nxh5 30. Qxh5 b5 31. Kg2 c4 32. Rxf8+ Rxf8 33. bxc4 bxc4
34. Qe2 Qc7 35. Rc1 Rc8 36. Qg4 Re8 37. Qe2 Rc8 38. Re1 Re8 39. Rb1 a5 40. a4
c3 41. Rc1 Rb8 42. Kh3 Rb4 43. Qg4 Rc4 44. Qe6+ Qf7 45. Qxd6 Qh5+ 46. Kg2 Rxe4
47. Rf1 Re2+ 48. Rf2 c2 49. Qc6 Rxf2+ 50. Kxf2 Qd1 51. Qe8+ Kh7 52. Qe4+ Kg8
53. Qe8+ 1/2-1/2

[Event "27.Schlosspark-Open"]
[Site "Wiesbaden-Biebrich"]
[Date "2015.08.29"]
[Round "4.50"]
[White "Fröhlich-Dill, Astrid"]
[Black "Lesny, Florian"]
[Result "1/2-1/2"]
[WhiteElo "1890"]
[BlackElo "1684"]
[PlyCount "92"]
[EventDate "2015.??.??"]
[WhiteTeam "SV Hofheim"]
[BlackTeam "SK Niederbrechen"]

1. d4 d5 2. Nf3 Nf6 3. Bf4 Bf5 4. c4 c6 5. e3 e6 6. Be2 Be7 7. Nc3 Nbd7 8. O-O
h6 9. h3 O-O 10. c5 Ne4 11. Nxe4 Bxe4 12. Nd2 Bh7 13. b4 Bg5 14. Bd6 Be7 15.
Bh2 Nf6 16. f3 Qd7 17. a4 Bd8 18. Nb3 Bc7 19. Bxc7 Qxc7 20. Qe1 Nh5 21. f4 Nf6
22. Nd2 Ne4 23. Nxe4 Bxe4 24. Qh4 Qd8 25. Qf2 Qd7 26. Rfd1 a6 27. Qf1 Rfb8 28.
Bd3 Bxd3 29. Qxd3 f5 30. g4 g6 31. Rd2 Rf8 32. Rg2 Kh7 33. h4 Rg8 34. Kh1 Rg7
35. Rag1 Rag8 36. gxf5 gxf5 37. Qe2 Rxg2 38. Rxg2 Rxg2 39. Qxg2 Qg7 40. Qf3 Qf6
41. h5 Kg7 42. Kg1 Kf7 43. Kf1 Qg7 44. Kf2 Kf6 45. Qh3 Qg4 46. Qh1 Kf7 1/2-1/2

[Event "27.Schlosspark-Open"]
[Site "Wiesbaden-Biebrich"]
[Date "2015.08.29"]
[Round "4.51"]
[White "Tampe, Alexander"]
[Black "Klebs, Sebastian"]
[Result "0-1"]
[WhiteElo "1719"]
[BlackElo "1890"]
[PlyCount "48"]
[EventDate "2015.??.??"]
[WhiteTeam "Schachforum Darmstadt"]
[BlackTeam "Karlsruher SF"]

1. e4 c5 2. Nf3 e6 3. d4 cxd4 4. Nxd4 a6 5. Nc3 Qc7 6. Be3 Bb4 7. Bd2 Nf6 8.
Bd3 O-O 9. O-O Bc5 10. Be3 b5 11. Qd2 Ng4 12. Bf4 e5 13. Nd5 Qd8 14. Nb3 Bxf2+
15. Rxf2 Nxf2 16. Bxe5 Nxd3 17. Bf6 gxf6 18. Qh6 Kh8 19. cxd3 Rg8 20. Nxf6 Rg7
21. Rc1 a5 22. Nd4 d5 23. Rc5 Ra6 24. Rxd5 Qxf6 0-1

[Event "27.Schlosspark-Open"]
[Site "Wiesbaden-Biebrich"]
[Date "2015.08.29"]
[Round "4.52"]
[White "Gutacker, Stephan"]
[Black "Wöhl, Torsten"]
[Result "1-0"]
[WhiteElo "1887"]
[BlackElo "1621"]
[PlyCount "91"]
[EventDate "2015.??.??"]
[WhiteTeam "Sfr. Kelkheim"]
[BlackTeam "SC Groß-Zimmern"]

1. e4 e6 2. d4 d5 3. Bd3 c5 4. c3 Nc6 5. Nf3 Qb6 6. O-O Nf6 7. e5 Nd7 8. Bc2
cxd4 9. cxd4 Be7 10. Nc3 O-O 11. Re1 f6 12. exf6 Nxf6 13. a3 Bd7 14. Ne2 Bd6
15. Ng3 Rae8 16. Bg5 Bxg3 17. hxg3 Ng4 18. Qd3 Rf5 19. Qd2 Rff8 20. Bf4 Ne7 21.
Ne5 Nxe5 22. Bxe5 Nf5 23. g4 Nh6 24. Qd3 g6 25. g5 Ng4 26. Bg3 Bb5 27. Qd2 e5
28. dxe5 Bc4 29. b3 Bxb3 30. Bxb3 Qxb3 31. Rab1 Qxa3 32. Qxd5+ Kh8 33. Qd4 Nxf2
34. Bxf2 Re6 35. Rxb7 Qa5 36. Qxa7 Qxa7 37. Rxa7 Rf5 38. Rb1 Kg8 39. Bd4 Rf7
40. Rxf7 Kxf7 41. Rb7+ Re7 42. Rxe7+ Kxe7 43. Kf2 Kd7 44. Ke3 Ke7 45. Ke4 Ke6
46. Bb2 1-0

[Event "27.Schlosspark-Open"]
[Site "Wiesbaden-Biebrich"]
[Date "2015.08.29"]
[Round "4.53"]
[White "Donecker, Stefan"]
[Black "Lehmann, Tim"]
[Result "1/2-1/2"]
[WhiteElo "1879"]
[BlackElo "1560"]
[PlyCount "46"]
[EventDate "2015.??.??"]
[WhiteTeam "TuS Dotzheim"]
[BlackTeam "SV Lahn Limburg"]

1. e3 c5 2. f4 Nc6 3. Nf3 d6 4. d4 cxd4 5. exd4 d5 6. c3 Nf6 7. Bd3 e6 8. Qe2
Bd6 9. Ne5 Bd7 10. O-O O-O 11. b3 h6 12. Ba3 Bxa3 13. Nxa3 a6 14. Nc2 Rc8 15.
Rfc1 Nh7 16. Bxh7+ Kxh7 17. Qd3+ f5 18. Ne3 Nxe5 19. fxe5 Be8 20. c4 Bg6 21.
Qd2 f4 22. Nd1 Qg5 23. Nf2 dxc4 1/2-1/2

[Event "27.Schlosspark-Open"]
[Site "Wiesbaden-Biebrich"]
[Date "2015.08.29"]
[Round "4.54"]
[White "Siegismund, Florian"]
[Black "Kirchner, Stefan"]
[Result "1-0"]
[WhiteElo "1869"]
[BlackElo "1497"]
[PlyCount "65"]
[EventDate "2015.??.??"]
[WhiteTeam "SK Bad Schwalbach"]
[BlackTeam "SF Schöneck"]

1. d4 Nf6 2. c4 d6 3. Nc3 Nbd7 4. e4 e5 5. d5 a5 6. f3 Nc5 7. Be3 Be7 8. Nge2
Bd7 9. Nc1 Bc8 10. Be2 O-O 11. O-O Nfd7 12. Nb3 b6 13. Nxc5 Nxc5 14. a3 a4 15.
Bxc5 bxc5 16. Nxa4 f5 17. Nc3 f4 18. b4 h5 19. bxc5 dxc5 20. Nb5 Bh4 21. Qc2
Qg5 22. Nxc7 Bh3 23. Bd3 Rad8 24. a4 Rf6 25. a5 Rd7 26. Ne6 Rxe6 27. dxe6 Rxd3
28. Ra2 Rd4 29. a6 Rd8 30. a7 Qxg2+ 31. Qxg2 Bxg2 32. Kxg2 Ra8 33. Rb1 1-0

[Event "27.Schlosspark-Open"]
[Site "Wiesbaden-Biebrich"]
[Date "2015.08.29"]
[Round "4.56"]
[White "Usczeck, Alina"]
[Black "Ley, Sabrina"]
[Result "0-1"]
[WhiteElo "1623"]
[BlackElo "1833"]
[PlyCount "50"]
[EventDate "2015.??.??"]
[WhiteTeam "VfR-SC Koblenz"]
[BlackTeam "SV Lahnstein"]

1. e4 c5 2. c3 d5 3. exd5 Qxd5 4. Nf3 e6 5. Na3 Qd8 6. d4 Nf6 7. Be2 Nc6 8. Nc2
Be7 9. O-O O-O 10. dxc5 Bxc5 11. Be3 Bxe3 12. Nxe3 b6 13. Qc2 Bb7 14. Rfd1 Qe7
15. Rd2 Rfd8 16. Rad1 Rxd2 17. Rxd2 Rc8 18. Qd1 h6 19. Nc4 Nd5 20. Nfe5 Nxe5
21. Nxe5 Rc7 22. Bf3 Qg5 23. Nd3 Nxc3 24. bxc3 Bxf3 25. Qxf3 Qxd2 0-1

[Event "27.Schlosspark-Open"]
[Site "Wiesbaden-Biebrich"]
[Date "2015.08.29"]
[Round "4.57"]
[White "Reitz, Theresa"]
[Black "Niedenthal, Robert"]
[Result "1/2-1/2"]
[WhiteElo "1547"]
[BlackElo "1811"]
[PlyCount "99"]
[EventDate "2015.??.??"]
[WhiteTeam "VfR-SC Koblenz"]
[BlackTeam "SV Hofheim"]

1. e4 d5 2. exd5 Nf6 3. d4 Nxd5 4. c4 Nb6 5. Nc3 e6 6. a3 c6 7. Nf3 Be7 8. Bf4
N8d7 9. Bd3 Nf6 10. O-O O-O 11. Re1 g6 12. Bf1 Re8 13. Qd2 Bf8 14. Bg5 Bg7 15.
Qf4 Nh5 16. Bxd8 Nxf4 17. Bc7 Nh5 18. Be5 Nf6 19. Rad1 Nbd7 20. Bc7 b6 21. g3
Bb7 22. Bg2 Rac8 23. Bf4 Ba6 24. Bf1 Bb7 25. Bg2 a6 26. Ne5 Nb8 27. Ne4 Nxe4
28. Bxe4 f6 29. Nf3 Nd7 30. Rd2 Bf8 31. Red1 g5 32. Be3 f5 33. Bb1 h6 34. Ba2
c5 35. d5 e5 36. Re2 f4 37. Bd2 e4 38. Ne1 f3 39. Re3 Bg7 40. Bc3 Nf6 41. Bb1
g4 42. Nc2 b5 43. b3 Re7 44. Rde1 Rce8 45. Na1 Bc8 46. Bxf6 Bxf6 47. Bxe4 Kg7
48. Nc2 Bd4 49. d6 Rf7 50. Bc6 1/2-1/2

[Event "27.Schlosspark-Open"]
[Site "Wiesbaden-Biebrich"]
[Date "2015.08.29"]
[Round "4.58"]
[White "Dyga, Ryszard"]
[Black "Zeyen, Helmut"]
[Result "0-1"]
[WhiteElo "1569"]
[BlackElo "1811"]
[PlyCount "134"]
[EventDate "2015.??.??"]
[WhiteTeam "SV Hofheim"]
[BlackTeam "Wiesbadener SV"]

1. e4 d5 2. exd5 Nf6 3. c4 c6 4. d4 cxd5 5. Nc3 e6 6. Nf3 Be7 7. g3 Nc6 8. cxd5
Nxd5 9. Bg2 Bb4 10. Bd2 Qa5 11. Nxd5 Qxd5 12. Bxb4 Qe4+ 13. Qe2 Qxe2+ 14. Kxe2
Nxb4 15. a3 Nd5 16. Rhe1 Bd7 17. Kd2 O-O 18. Ne5 Ba4 19. Rac1 Rac8 20. Nd3 b6
21. Bf1 Rfd8 22. Ne5 g6 23. Rxc8 Rxc8 24. Rc1 Rxc1 25. Kxc1 f6 26. Nf3 Kf8 27.
Ba6 Ke7 28. Nd2 Bc6 29. Kc2 Kd6 30. Nc4+ Kc7 31. Nd2 Ne7 32. Bd3 Nf5 33. Kc3
Ne7 34. b4 Nd5+ 35. Kb3 Ne7 36. Ne4 Bd5+ 37. Kc3 Ng8 38. b5 f5 39. Ng5 Nf6 40.
h3 Kd6 41. Nf7+ Ke7 42. Ne5 Ne4+ 43. Bxe4 Bxe4 44. f3 Bd5 45. f4 Bg2 46. h4 Bb7
47. Kb4 Kd6 48. Kc4 Bg2 49. Nf7+ Ke7 50. Ne5 Bf1+ 51. Kb4 Kd6 52. a4 Kd5 53.
Nc6 a5+ 54. Kc3 Be2 55. Ne5 Kd6 56. Nf7+ Ke7 57. Ng5 Kd7 58. Nxh7 Bd1 59. Nf6+
Ke7 60. Ng8+ Kf7 61. Nh6+ Kg7 62. g4 Kxh6 63. g5+ Kh5 64. Kc4 Bxa4 65. d5 exd5+
66. Kxd5 Bxb5 67. Ke6 a4 0-1

[Event "27.Schlosspark-Open"]
[Site "Wiesbaden-Biebrich"]
[Date "2015.08.29"]
[Round "4.59"]
[White "Steimbach, Isabel"]
[Black "Lorenz, Hermann"]
[Result "1-0"]
[WhiteElo "1984"]
[BlackElo "1668"]
[PlyCount "49"]
[EventDate "2015.??.??"]
[WhiteTeam "OSG Baden-Baden"]
[BlackTeam "SF Mainz"]

1. e4 d6 2. d4 Nf6 3. Nc3 g6 4. Nf3 Bg7 5. Be2 O-O 6. O-O a6 7. a4 Nbd7 8. e5
Ng4 9. e6 fxe6 10. Ng5 Nxf2 11. Rxf2 Rxf2 12. Nxe6 Qe8 13. Kxf2 Qf7+ 14. Bf3
Nf6 15. Nxc7 Rb8 16. N7d5 Ng4+ 17. Kg1 Nf6 18. Nxf6+ Bxf6 19. Be3 Bf5 20. Ne4
Bg7 21. Ng3 Bd7 22. Qd2 b5 23. axb5 Bxb5 24. b3 e5 25. dxe5 1-0

[Event "27.Schlosspark-Open"]
[Site "Wiesbaden-Biebrich"]
[Date "2015.08.29"]
[Round "4.60"]
[White "Moseler, Thomas"]
[Black "Francke, Helmut"]
[Result "0-1"]
[WhiteElo "1621"]
[BlackElo "1961"]
[PlyCount "118"]
[EventDate "2015.??.??"]
[WhiteTeam "SK Lister Turm"]
[BlackTeam "SC Bad Nauheim"]

1. e4 c5 2. Nf3 d6 3. d4 cxd4 4. Nxd4 Nf6 5. Nc3 g6 6. Be3 Bg7 7. Qd2 Ng4 8.
Bg5 Qb6 9. Ndb5 Be6 10. h3 Nf6 11. O-O-O Nc6 12. Be3 Qa5 13. a3 O-O 14. Bh6
Bxh6 15. Qxh6 Rfc8 16. Qe3 a6 17. Nd4 Nxd4 18. Rxd4 Rc7 19. Ra4 Qc5 20. Qxc5
Rxc5 21. Rb4 b5 22. a4 bxa4 23. Rxa4 a5 24. Bd3 Nd7 25. Kd2 Nb6 26. Ra3 Rac8
27. Rha1 Bc4 28. Rxa5 Bxd3 29. Kxd3 Nc4 30. R5a2 Nxb2+ 31. Rxb2 Rxc3+ 32. Kd2
Kg7 33. Rc1 Kf6 34. Rb3 R3c4 35. c3 Rxe4 36. Kd3 Re5 37. Rb4 Rc7 38. Rf4+ Rf5
39. Rxf5+ Kxf5 40. Re1 h5 41. Re3 e5 42. g3 d5 43. f3 Ke6 44. Re1 f5 45. Ra1
Rc6 46. Ra8 Rb6 47. Re8+ Kf6 48. Rd8 Ke6 49. Re8+ Kf6 50. Rd8 e4+ 51. fxe4
dxe4+ 52. Kd4 Re6 53. Ke3 Ke7 54. Rd4 Rc6 55. c4 Rd6 56. Rxd6 Kxd6 57. g4 Kc5
58. gxf5 gxf5 59. h4 Kxc4 0-1